00496nam a2200193 a 4500001001300000003000900013005001700022008004100039020001100080082001500091100002300106245005200129260002300181300000800204500003500212505001000247650002200257700002300279nice12345678IN_TiNIC20260116011844.0050524s1958 lona grp 000 0 eng  ac0.6800a234.2bWIL aWilkinson, A Leech aApproach to Sufferingb an Address to Clergymen aLondonbSpckc1958 a16p aincludes index and biblioraphy2 aIndex aPain-Christianity1 aWilkinson, A Leech